| 000 | 00789nam a2200253 i 4500 | ||
|---|---|---|---|
| 001 | 6138 | ||
| 003 | ES-MaACL | ||
| 005 | 20230906144816.0 | ||
| 007 | t| | ||
| 008 | 890811s1988 sp ||||1| spa d | ||
| 020 | _a84-500-4620-3 | ||
| 080 | _a9(463.6 Cuellar)"--/19" | ||
| 100 | 1 |
_aVelasco Bayón, Balbino. _9113745 |
|
| 245 | 1 | 0 |
_aHistoria de Cuéllar / _cBalbino Velasco Bayon (O. Carm.). |
| 250 | _a3a ed. | ||
| 260 |
_aSegovia : _bDiputacion Provincial [etc.], _c1988. |
||
| 300 |
_a704 p., 66 [p.] de lam., 1 [h.] plan. pleg. ; _c24 cm. |
||
| 500 | _aIndice. | ||
| 500 | _aApendices. | ||
| 504 | _aBibliogr.: p. 37-48. | ||
| 651 | 4 |
_aCuellar- _xHistoria. _98121 |
|
| 710 | 1 |
_aSegovia (Provincia). _bDiputación. _9175871 |
|
| 852 |
_aES-MaACL _jL-13352 _bR.116601 _z. - rust. |
||
| 999 |
_c6138 _d6138 |
||